Vedecké aspekty vstupu SR do EÚ zborník príspevkov z konferencie

Na minha lista:
Detalhes bibliográficos
Corporate Authors: Vedecké aspekty vstupu SR do EÚ. Vedecká konferencia, Ekonomická univerzita v Bratislave. Fakulta medzinárodných vzťahov, Slovenská asociácia európskych štúdií
Outros Autores: Lipková, Ľudmila, Kunová, Vlasta
Formato: Livro
Idioma:eslovaco
Publicado em: Bratislava Vydavateľstvo EKONÓM 2005
Assuntos:
Tags: Adicionar Tag
Sem tags, seja o primeiro a adicionar uma tag!

MARC

LEADER 00000nam$a2200000$$$4500
001 0034049
005 20240502071443.1
020 |a 80-225-1974-4 
041 0 |a slo 
044 |a SK 
245 1 0 |a Vedecké aspekty vstupu SR do EÚ  |b zborník príspevkov z konferencie  |c vedecký redaktor zborníka: Ľudmila Lipková ; zostavovateľka zborníka: Vlasta Kunová 
264 1 |a Bratislava  |b Vydavateľstvo EKONÓM  |c 2005 
300 |a 183 s. 
610 2 0 |a integrácia ekonomická medzinárodná 
610 2 0 |a Slovensko 
610 2 0 |a Európska únia 
610 2 0 |a politika regionálna 
610 2 0 |a vývoj hospodársky 
610 2 0 |a investície priame zahraničné 
610 2 0 |a pranie špinavých peňazí 
610 2 0 |a právo správne 
610 2 0 |a fondy finančné 
610 2 0 |a fondy štruktúrne 
610 2 0 |a právo komunitárne 
610 2 0 |a bezpečnosť európska 
700 1 |a Lipková, Ľudmila 
700 1 |a Kunová, Vlasta 
110 2 |a Vedecké aspekty vstupu SR do EÚ. Vedecká konferencia 
710 2 |a Ekonomická univerzita v Bratislave. Fakulta medzinárodných vzťahov 
710 2 |a Slovenská asociácia európskych štúdií